000 01252nam a2200301 4500
003 EG-GICUC
005 20260121101217.0
008 251113s1994 ua ||||fr|||| 00| 0 ara d
040 _a EG-GICUC
_bara
_c EG-GICUC
_d EG-GICUC
_erda
041 0 _aara
082 0 4 _221
_a341.84
_bع ن . م
092 0 4 _221
099 _aLaw1 12 341.84 ع ن . م 1994
100 0 _a عنايت عبدالحميد ثابت
_eمؤلف.
245 1 0 _aمبتدأ اقول في أحكام فض تداخل مجالات انطباق القوانين ذي الطابع الدولي في القانون المصري/
_c عنايت عبدالحميد ثابت
264 1 _aالقاهرة:
_bدار النهضة العربية
_c1994.
300 _a268 :صفحة
_c24 سم
336 _2rda content
_atext
337 _2rda media
_aComputer
338 _2rda carrier
_aOnline Resource
504 _aيحتوي على ارجاعات ببليوجرافية
546 _aالنص أغلبه باللغة العربية مع بعض النصوص الفرنسية
650 1 _aتنازع القوانين
_xقانون دولي
_2qrmak
651 1 _2qrmak
856 4 0 _uhttps://fll.law.cu.edu.eg/fulltext/bks/B12-01245.pdf
905 _a75
_eYara
942 _2ddc
_n0
_cBK
_e21
999 _c43028
_d43028